Integer and nonlinear programming /

Guardado en:
Autor Corporativo: North Atlantic Treaty Organization. Scientific Affairs Division.
Otros Autores: Abadie, J. (Editor ), Wolfe, Philip.
Formato: Libro
Idioma:English
Publicado: Amsterdam : New York : North-Holland ; American Elsevier, 1970.
Etiquetas: Agregar Etiqueta
Sin Etiquetas, Sea el primero en etiquetar este registro!
LEADER 00970cam a22002415 4500
001 MAT.inmabb002035
008 701116s1970####ne#######b####101#0#eng#d
005 20170428150314.0
245 0 0 |a Integer and nonlinear programming /  |c editor, J. Abadie ; contributors, P. Wolfe ... [et al.]. 
260 |a Amsterdam :  |b North-Holland ;  |a New York :  |b American Elsevier,  |c 1970. 
300 |a x, 544 p. ;  |c 23 cm. 
500 |a Review papers and research papers from a NATO Summer School held in Bandol, France, sponsored by the Scientific Affairs Division of NATO. 
504 |a Incluye referencias bibliográficas. 
510 4 |a MR,  |c 53 #12564 
020 |a 0720420369 (North-Holland) 
020 |a 0444100008 (American Elsevier) 
700 1 |a Abadie, J.  |4 edt 
700 1 |a Wolfe, Philip. 
710 2 |a North Atlantic Treaty Organization.  |b Scientific Affairs Division. 
084 |a 90CXX  |2 MR 
010 |a  72113745  
044 |a ne  |a nyu 
859 |h 90  |i IN614  |p A-3685  |b BIB. MATEMATICA